00829cam a2200205 a 450000100100000000500170001000800410002703500180006804000310008608200190011710000380013624501120017426001330028630000210041949000510044065000190049165000230051070000380053383000520057100000881320240422104514.0740208s1970 pr 000 f spa d a(OCoLC)794354 aDO-SdBNPcOUdOCoLCdBNPHU aCh863.4bB142f1 aBaeza Flores, Alberto,d1914-199813aLa frontera del adiós :bnovela del exilio /cAlberto Baeza Flores ; prólogo de Luis Alberto Sánchez. aSan Juan, Puerto Rico :bSan Juan ;aSan José, Costa Rica :bÉpoca y Ser,c1970.e(Barcelona :fArtes Gráficas Medinaceli) a322 p. ;c22 cm.1 aNovelistas de América Latina. Tiempo de hora 4aNovela chilena 4aLiteratura chilena1 aSánchez, Luis Alberto,epról. 0aNovelistas de América Latina.pTiempo de hora